000 00343 a2200157 4500
001 154825
040 _cEscola São Tomás de Aquino
100 _aCANTO, Eduardo Leite
240 1 0 _aCiências Naturais
_lpor
245 1 0 _aCiências Naturais
300 _a272
362 0 _a2012
440 1 _aModerna
697 _aCIÊNCIAS
942 _cBK
999 _c154825
_d154825